banner-ar

TREASURES OF 19 TH AND 20 TH CENTURY PAINTING THE ART IAATITUTE OF CHIC AGO / (Record no. 12346)

MARC details
000 -الفاتح
حقل البيانات ثابتة الطول 00551nam a2200181Ia 4500
008 - عناصر البيانات ثابتة الطول - معلومات عامة
حقل البيانات ثابتة الطول 140319s9999 xx 000 0 eng d
040 ## - مصدر الفهرسة
وكالة الفهرسة الأصلية GCL /
وكالة النسخ GCL
082 04 - رقم تصنيف ديوى العشرى
رقم التصنيف 759105
رقم المادة W T
100 1# - المدخل الرئيسى - إسم شخصى
الإسم الشخصى WEOD,JAMES N.
245 10 - بيان العنوان
العنوان TREASURES OF 19 TH AND 20 TH CENTURY PAINTING THE ART IAATITUTE OF CHIC AGO /
بيان المسئوليه,etc WEOD,JAMES N.
260 ## - PUBLICATION, DISTRIBUTION, ETC. (IMPRINT)
تاريخ النشر أو التوزيع 1993
300 ## - الوصف المادى
التعداد 335P
650 04 - المدخل الاضافى بالموضوع-مصطلح موضوعى
مصطلح موضوعي PAINTING EUROPEAN CATALAGS
650 04 - المدخل الاضافى بالموضوع-مصطلح موضوعى
مصطلح موضوعي PAINTING - 19TH CENTURY
650 04 - المدخل الاضافى بالموضوع-مصطلح موضوعى
مصطلح موضوعي PAINTING - 20TH CENTURY
942 ## - عناصر المدخل الإضافي( كوها)
مصدر التصنيف او مخطط الترفيف Dewey Decimal Classification
Koha [default] item type كتاب
260 ## - PUBLICATION, DISTRIBUTION, ETC. (IMPRINT)
-- [S.N] :
-- ABBEVILLE PRESS PUBLISHERS ،
Holdings
حالة التراجع حالة الفقد حالة تلف ليس للاعارة المكان المؤقت الموقع الحالى تاريخ الاكتساب اجمالي اﻻعارات رقم الطلب الباركود تاريخ اخر مشاهدة تاريخ تفعيل السعر نوع وعاء كوها
        مكتبة القاهرة الكبرى مكتبة القاهرة الكبرى 03/26/2014   759105\W T 24055 03/26/2014 03/26/2014 كتاب
        مكتبة القاهرة الكبرى مكتبة القاهرة الكبرى 03/26/2014   759105\W T 24056 03/26/2014 03/26/2014 كتاب
        مكتبة القاهرة الكبرى مكتبة القاهرة الكبرى 03/26/2014   759105\W T 24057 03/26/2014 03/26/2014 كتاب

Powered By

EGPV